Silhouettes: Marvel Superheroes Quiz Stats

Quiz Updated Dec 14, 2017

Challenge
Share
Tweet
Score 0/15 Timer 02:00
2 Plays Today
% Correct
Thor
97.3%
Spider-man
96.8%
Captain America
96.6%
Silver Surfer
96.5%
Wolverine
96.1%
Human Torch
95.9%
Ant-Man
93.2%
Angel
93.2%
% Correct
Hawkeye
92.5%
Black Widow
91.5%
Wasp
89.4%
Quicksilver
83.9%
Storm
78.9%
Magik
77%
Scarlet Witch
64.5%

You're not logged in!

Compare scores with friends on all Sporcle quizzes.
Join for Free
OR
Log In

You Might Also Like...

Show Comments

Extras

Top Quizzes Today


Score Distribution

Your Account Isn't Verified!

In order to create a playlist on Sporcle, you need to verify the email address you used during registration. Go to your Sporcle Settings to finish the process.

Report this User

Report this user for behavior that violates our Community Guidelines.

Details: